Произведения Айзека Азимова - Армагеддон - Statistics

General Stats
  • This quiz has been taken 9 times
  • The average score is 5 of 15
Answers on the Grid
Answers color-coded by a green-red scale on the quiz's grid according to % correct below.
Сами боги
Профессия
Камешек в небе
Свидание с Рамой
Принцип оборотня
Немезида
R.U.R.
Дюна
Роботы и Империя
Чужак в чужой стране
Конец Вечности
Основание и Империя
Двухсотлетний человек
Патруль времени
Мечты роботов
Разностная машина
Автоматическая Алиса
Обнажённое Солнце
День триффидов
Забытый эксперимент
Я, робот
Всё лето в один день
Сотканный мир
Нет связи
Ночь пришла
Умирание света
Око небесное
Стальные пещеры
Выбор катастроф
Распознавание образов
 
Answer Stats
Answer % Correct
Двухсотлетний человек
80%
Сами боги
60%
Мечты роботов
60%
Я, робот
60%
Камешек в небе
40%
Роботы и Империя
40%
Основание и Империя
40%
Профессия
20%
Немезида
20%
Конец Вечности
20%
Обнажённое Солнце
20%
Нет связи
20%
Стальные пещеры
20%
Ночь пришла
0%
Выбор катастроф
0%
No matching quizzes found
Score Distribution
Percent of People with Each Score
Percentile by Number Answered
Your Score History
You have not taken this quiz